Jeux vidéo indépendant - Statistiques

Statistiques générales
  • Ce quiz a été pris 208 fois
  • Le résultat moyen est 12 sur 16
Statistiques - réponses
Par images Réponse % Correct
Minecraft
97%
Cuphead
94%
Hollow Knight
92%
Celeste
91%
Subnautica
89%
Stardew valley
86%
The Binding of Isaac
85%
Hades
84%
Outer wilds
77%
Papers, Please
73%
Ori and the blind forest
72%
Cult of the lamb
71%
Limbo
66%
Dead cells
60%
Inside
48%
Evoland
31%
Aucun quiz correspondant
Distribution des résultats
% des personnes avec chaque résultat
Percentile par nombre de réponses
Votre historique - résultats
Vous n’avez pas pris ce quiz